Baby's First ABC Book / (Record no. 49091)
| 000 -LEADER | |
|---|---|
| fixed length control field | 00355nam a2200133 4500 |
| 020 ## - INTERNATIONAL STANDARD BOOK NUMBER | |
| International Standard Book Number | 1881445127 |
| 100 ## - MAIN ENTRY--PERSONAL NAME | |
| Personal name | Campell, Rod, |
| Relator term | author. |
| 9 (RLIN) | 86439 |
| 245 ## - TITLE STATEMENT | |
| Title | Baby's First ABC Book / |
| Statement of responsibility, etc | by Rod Campell. |
| 260 ## - PUBLICATION, DISTRIBUTION, ETC. (IMPRINT) | |
| Name of publisher, distributor, etc | Sandvik Publishing Ltd., |
| Date of publication, distribution, etc | 1998. |
| 300 ## - PHYSICAL DESCRIPTION | |
| Extent | 10 pages. |
| 490 ## - SERIES STATEMENT | |
| Series statement | Baby's first book club |
| 650 ## - SUBJECT ADDED ENTRY--TOPICAL TERM | |
| 9 (RLIN) | 4724 |
| Topical term or geographic name as entry element | Alphabet. |
| 942 ## - ADDED ENTRY ELEMENTS (KOHA) | |
| Source of classification or shelving scheme | |
| Koha item type | Board Book |
| Withdrawn status | Lost status | Source of classification or shelving scheme | Damaged status | Not for loan | Home library | Current library | Date acquired | Total Checkouts | Full call number | Barcode | Date last seen | Date checked out | Price effective from | Koha item type |
|---|---|---|---|---|---|---|---|---|---|---|---|---|---|---|
| Logos International School | Logos International School | 07/31/2025 | 4 | BB CAM | 042831 | 04/22/2026 | 04/08/2026 | 07/31/2025 | Board Book |